00719nam a2200181 i 450000100060000000300090000600500170001500700030003200800410003510000270007624501470010326000600025030000220031070000340033285200320036699900170039895201220041551072ES-MaACL20230906162306.0t|030808s1973 sp ||||1| spa d1 aCusson, Gilles.94227510aExperiencia personal del misterio de salvación b: Biblia y ejercicios espirituales / cGilles Cusson ; [traducción Elías Díaz Pardo]. aMadrid, etc. : bApostolado de la Prensa, etc., c1973. a302 p. ; c21 cm.1 aDíaz Pardo, Elías.944380 aES-MaACLjC-53006 bR.86239 c51072d51072 00104070aATENEOMbATENEOMcDEPO2d2008-01-17eSCl0oC-53006p1053706r2023-02-23 00:00:00w2023-02-23yMONOGRAFIA